Online Catalogue and eLibrary

Towards gender justice (Record no. 2809)

MARC details
000 -LEADER
fixed length control field 00409nam a2200169Ia 4500
005 - DATE AND TIME OF LATEST TRANSACTION
control field 20240614021728.0
008 - FIXED-LENGTH DATA ELEMENTS--GENERAL INFORMATION
fixed length control field 240331s9999 xx 000 0 und d
082 ## - DDC Classification
Item Number - Author Mark SAT
Class No. 346
100 ## - MAIN ENTRY--PERSONAL NAME
Personal name Sathe, S.P
245 #0 - TITLE STATEMENT
Title Towards gender justice
Statement of responsibility, etc. S.P. Sathe
260 ## - PUBLICATION, DISTRIBUTION, ETC.
Place of publication, distribution, etc. Bombay
Name of publisher, distributor, etc. Research Centre for Women's Studies
Date of publication, distribution, etc. 1993
300 ## - PHYSICAL DESCRIPTION
Extent (e.g. Volumes, Pages etc.) 88 p .,
650 ## - SUBJECT ADDED ENTRY--TOPICAL TERM
Topical term or geographic name entry element Gender
650 ## - SUBJECT ADDED ENTRY--TOPICAL TERM
Topical term or geographic name entry element Law
650 ## - SUBJECT ADDED ENTRY--TOPICAL TERM
Topical term or geographic name entry element sex
942 ## - Koha item type (Biblio)
Koha item type Books in Stacks (Lending)
Holdings
Lost status Damaged status Collection code Home library Current library Shelving location Date acquired Full call number Accession Number Item type
    Lending WERC Library WERC Library Social Science Cupboard 03/31/2024 346 SAT 5010 Books in Stacks (Lending)

© WERC Library